[Event "AUTO-BEG-665"]
[Site "http://www.queenalice.com/game.php?id=1580516"]
[Date "2019.8.16"]
[Round "1"]
[White "WoodpusherKid"]
[Black "alshelmany"]
[Result "0-1"]
[WhiteElo "1492"]
[BlackElo "1236"]

1. e4 c5 2. Nf3 d6 3. Nc3 Nf6 4. d4 cxd4 5. Qxd4 e5 6. Qa4+ Nc6 7. Bg5 Be7 8.
O-O-O O-O 9. Bb5 Rb8 10. h4 Ng4 11. Rd2 Be6 12. Bxc6 bxc6 13. Bxe7 Qxe7 14. Qa6
Rb6 15. Qe2 h6 16. Rhd1 d5 17. exd5 Qb4 18. b3 Qxc3 19. Rd3 Qa1+ 20. Kd2 Qxa2
21. dxe6 Qa5+ 22. Kc1 fxe6 23. Kb2 Ra6 24. Rd6 Qa3+ 25. Kc3 Ra5 26. Rxc6 Rf4 27.
Rd8+ Kh7 28. g3 Qb4+ 29. Kb2 Re4 30. Qf1 Qa3+ 31. Kc3 Nf6 32. Rcc8 Qb4+ 33. Kb2
Rg4 34. Rh8+ Kg6 35. h5+ Kxh5 36. Qh1+ Kg6 37. Nh4+ Kg5 38. Nf3+ Kf5 39. Rhf8
Qa3+ 40. Kc3 Rc5+ 41. Kd2 Rxc8 42. Rxc8 Qa5+ 43. Ke2 Qa6+ 44. Rc4 Rxc4 45. bxc4
Qxc4+ 46. Kd1 Qd5+ 47. Ke1 g5 48. Qh3+ g4 49. Nh4+ Kg5 50. Qf1 Qa5+ 51. Kd1 Qa1+
52. Ke2 Qxf1+ 53. Kxf1 a5 54. c4 a4 55. Ng2 a3 56. Ne3 a2 57. Nc2 Kf5 58. Ke2
Ke4 59. c5 Nd5 60. c6 h5 61. Na1 Kd4 62. Kd2 Ke4 63. Ke2 Nc3+ 64. Ke1 Nb5 65.
Nc2 Nd4 66. Kd2 Nxc6 67. Na1 Kf3 68. Ke1 Nb4 69. Kd1 Kxf2 70. Kd2 e4 71. Nb3 e3+
72. Kc3 Nd5+ 0-1

[Event "AUTO-BEG-665"]
[Site "http://www.queenalice.com/game.php?id=1580517"]
[Date "2019.8.16"]
[Round "1"]
[White "alshelmany"]
[Black "WoodpusherKid"]
[Result "1-0"]
[WhiteElo "1208"]
[BlackElo "1520"]

1. Nf3 Nf6 2. c4 c5 3. d4 cxd4 4. Nxd4 Nc6 5. e3 e5 6. Nb5 Bb4+ 7. N1c3 O-O 8.
a3 Bxc3+ 9. Nxc3 b6 10. Be2 d6 11. O-O Bb7 12. Qc2 Qe7 13. Rd1 e4 14. b3 Rfd8
15. Bb2 Rac8 16. Rd2 Ne5 17. Rad1 Bc6 18. a4 Ne8 19. Nb5 a6 20. Na7 Rc7 21. Nxc6
Nxc6 22. Ba3 Qe6 23. h3 Qg6 24. b4 Ne5 25. Rd4 b5 26. c5 Nf3+ 27. Bxf3 exf3 28.
Qxg6 hxg6 29. axb5 axb5 30. gxf3 Ra8 31. cxd6 Rd7 32. Bb2 Ra2 33. Bc3 Ra3 34.
Re4 Nxd6 35. Be5 Nxe4 36. Rxd7 Ng5 37. Kg2 f6 38. Bd4 Ne6 39. Bb6 g5 40. Re7 Nf8
41. Kg3 Ng6 42. Rb7 Rb3 43. Bc5 Ne5 44. Rxb5 Rb1 45. Kg2 Nd3 46. Rb8+ Kh7 47.
Bf8 Rb2 48. Rb7 Nxf2 49. Rxg7+ Kh8 50. Kg3 Nd1 51. e4 Ne3 52. f4 Rxb4 53. Rxg5
Rxe4 54. Bg7+ Kg8 55. Bxf6+ Kf7 56. Bc3 Nd1 57. Be5 Re3+ 58. Kh2 Re2+ 59. Rg2
Re1 60. Rg7+ Ke6 61. h4 Re2+ 62. Rg2 Nf2 63. Bd4 Ng4+ 64. Kh3 Rxg2 65. Kxg2 Nh6
66. h5 Nf7 67. Bg7 Kf5 68. Kg3 Nd6 69. Kf3 Nf7 70. h6 Kg6 71. Kg4 Kh7 72. Kf5
1-0

[Event "07:02"]
[Site "http://www.queenalice.com/game.php?id=1583617"]
[Date "2019.9.16"]
[Round "-"]
[White "zubarev"]
[Black "alshelmany"]
[Result "0-1"]
[WhiteElo "1881"]
[BlackElo "1158"]

1. d4 Nf6 2. Nc3 d5 3. Nf3 e6 4. Ne5 Bd6 5. f4 c5 6. Be3 cxd4 7. Bxd4 O-O 8. e3
Nc6 9. Bb5 Bd7 10. Bxc6 bxc6 11. Ne2 Bxe5 12. Bxe5 Ne4 13. O-O Qb6 14. Qd3 f6
15. Bc3 c5 16. a3 Bb5 17. Qd1 d4 18. exd4 cxd4 19. Bxd4 Bxe2 20. Bxb6 Bxd1 21.
Raxd1 axb6 22. Rd8 Rfxd8 23. Rd1 Rxd1# 0-1

[Event "Let's Play Chess!"]
[Site "http://www.queenalice.com/game.php?id=1585004"]
[Date "2019.9.29"]
[Round "-"]
[White "obobo"]
[Black "alshelmany"]
[Result "0-1"]
[WhiteElo "1483"]
[BlackElo "1292"]

1. e4 c5 2. Bc4 a6 3. a4 e6 4. d4 d5 5. exd5 exd5 6. Bb3 c4 7. Ba2 Nf6 8. Nf3
Bd6 9. Nc3 O-O 10. Be3 Qb6 11. Rb1 Qa5 12. O-O b5 13. Qd2 b4 14. Ne2 Qxa4 15.
Ra1 Qb5 16. g3 Nc6 17. c3 Ne4 18. Qc2 b3 19. Qb1 bxa2 20. Qc2 Qb3 21. Qxb3 cxb3
22. Bf4 Bg4 23. Kg2 a5 24. Bxd6 Nxd6 25. Ne5 Bxe2 26. Rfe1 Bb5 27. Nxc6 Bxc6 28.
Re2 a4 29. g4 Bb5 30. Re5 Bc4 31. Kg3 a3 32. bxa3 b2 0-1

[Event "AUTO-OPEN-4065"]
[Site "http://www.queenalice.com/game.php?id=1585400"]
[Date "2019.10.2"]
[Round "2"]
[White "alshelmany"]
[Black "chessman"]
[Result "1-0"]
[WhiteElo "1316"]
[BlackElo "2007"]

1. d4 d5 2. c4 c6 3. Nf3 Nf6 4. cxd5 cxd5 5. Nc3 e6 6. Bg5 Be7 7. a3 O-O 8. e3
a6 9. Bd3 Nc6 10. O-O Bd7 11. Ne5 Nxe5 12. dxe5 Ne8 13. Bxe7 Qxe7 14. Qg4 h6 15.
Qd4 Nc7 16. Qb6 Bc8 17. Rac1 Rd8 18. Ne2 Ne8 19. Rc3 Bd7 20. Nd4 Bc6 21. Rxc6
bxc6 22. Nxc6 Qd7 23. Nxd8 Qxd8 24. Qxd8 Rxd8 25. Bxa6 Rb8 26. Rb1 Nc7 27. Bd3
Rb3 28. Bc2 Rb6 29. b4 Nb5 30. Bd3 Kf8 31. Bxb5 Rxb5 32. a4 Rb8 33. b5 Ke7 34.
a5 Kd7 35. Kf1 Kc7 36. Rc1+ Kb7 37. Rc6 Ra8 38. a6+ Kb8 39. Rb6+ Kc8 40. Rb7 1-0

[Event "AUTO-OPEN-4065"]
[Site "http://www.queenalice.com/game.php?id=1585401"]
[Date "2019.10.2"]
[Round "2"]
[White "chessman"]
[Black "alshelmany"]
[Result "0-1"]
[WhiteElo "2019"]
[BlackElo "1262"]

1. e4 c5 2. Nf3 d6 3. Bb5+ Bd7 4. Bxd7+ Qxd7 5. O-O Nc6 6. Re1 e5 7. c3 Be7 8.
d4 cxd4 9. cxd4 Nf6 10. dxe5 dxe5 11. Nc3 h6 12. Nd5 Rd8 13. Nxf6+ Bxf6 14.
Qxd7+ Rxd7 15. Be3 Ke7 16. Bc5+ Ke6 17. Red1 Rhd8 18. Rxd7 Rxd7 19. Kf1 Be7 20.
Ke2 Bxc5 21. a3 Nd4+ 22. Nxd4+ Bxd4 0-1

[Event "AUTO-OPEN-4065"]
[Site "http://www.queenalice.com/game.php?id=1585402"]
[Date "2019.10.2"]
[Round "2"]
[White "alshelmany"]
[Black "Poison"]
[Result "0-1"]
[WhiteElo "1527"]
[BlackElo "2686"]

1. d4 d5 2. c4 dxc4 3. Nf3 c6 4. e3 Be6 5. Be2 Bd5 6. Qc2 Nf6 7. Nbd2 b5 8. e4
Be6 9. b3 cxb3 10. Nxb3 g6 11. O-O Bg7 12. Be3 O-O 13. Nc5 Bg4 14. Ne5 Bxe2 15.
Qxe2 a5 16. Rac1 Qc7 17. f3 e6 18. Rfd1 Rc8 19. Qe1 Na6 20. Ncd3 Qb7 21. Qh4 Rc7
22. Rd2 a4 23. h3 b4 24. Nc4 Ne8 25. e5 Qb5 26. Nf2 b3 27. axb3 axb3 0-1

[Event "AUTO-OPEN-4065"]
[Site "http://www.queenalice.com/game.php?id=1585403"]
[Date "2019.10.2"]
[Round "2"]
[White "Poison"]
[Black "alshelmany"]
[Result "1-0"]
[WhiteElo "2687"]
[BlackElo "1525"]

1. e4 c5 2. Nf3 d6 3. d4 cxd4 4. Nxd4 Nf6 5. Nc3 a6 6. Bd3 e5 7. Nf3 Be7 8. Bc4
O-O 9. Ng5 b5 10. Nxf7 Rxf7 11. Bxf7+ Kxf7 12. Bg5 Nbd7 13. O-O Bb7 14. Qe2 Rc8
15. a3 Kg8 16. Rad1 h6 17. Bxf6 Nxf6 18. f3 Qb6+ 19. Kh1 Bc6 20. Rd2 Qb7 21. Re1
Nh5 22. Qf2 Nf4 23. Nd1 Bd7 24. Ne3 Be6 25. Red1 Rf8 26. Re1 a5 27. Red1 Kh7 28.
Qe1 1-0

[Event "Challenge"]
[Site "http://www.queenalice.com/game.php?id=1585541"]
[Date "2019.10.3"]
[Round "-"]
[White "alshelmany"]
[Black "dejami"]
[Result "1-0"]
[WhiteElo "1457"]
[BlackElo "1733"]

1. g3 c6 2. Nf3 f6 3. d4 Qb6 4. e4 d6 5. Nc3 Bg4 6. Bg2 e6 7. O-O Na6 8. Rb1 Nh6
9. Be3 Qd8 10. h3 Bh5 11. d5 e5 12. Bxh6 gxh6 13. dxc6 bxc6 14. a3 Nc5 15. b4
Ne6 16. Qd3 Qc8 17. Nh4 Nd4 18. Nf5 Nxf5 19. exf5 Rb8 20. b5 c5 21. Bc6+ Ke7 22.
Nd5+ Kd8 23. Nxf6 Bf7 24. Rfd1 Qc7 25. a4 Be7 26. Ne4 Be8 27. Nxc5 Bxc6 28. Ne6+
Kd7 29. Nxc7 Kxc7 30. bxc6 Kxc6 31. Qd5+ Kd7 32. Qe6+ Ke8 33. Rxb8# 1-0

[Event "Let's Play Chess!"]
[Site "http://www.queenalice.com/game.php?id=1585820"]
[Date "2019.10.6"]
[Round "-"]
[White "alshelmany"]
[Black "AdrianaSP"]
[Result "0-1"]
[WhiteElo "1371"]
[BlackElo "2093"]

1. g3 c5 2. Bg2 Nf6 3. c4 Nc6 4. Nc3 e5 5. Nf3 Be7 6. d3 d6 7. Ng5 O-O 8. O-O
Ng4 9. Nge4 f5 10. Nd2 f4 11. Nf3 fxg3 12. fxg3 Be6 13. h3 Nf6 14. Ng5 Bd7 15.
Nd5 Kh8 16. Bd2 Nxd5 17. Rxf8+ Qxf8 18. cxd5 Nd4 19. Ne4 Qg8 20. e3 Nf5 21. Rc1
Rf8 22. b4 cxb4 23. Rc7 Bb5 24. Qb3 Rb8 25. g4 Qd8 26. Rc1 Nh4 27. Bxb4 Qb6 28.
Bd2 Qa6 29. Rc3 Nxg2 30. Kxg2 Kg8 31. Qa3 Kf8 32. Qxa6 Bxa6 33. Ng3 Bd8 34. Ra3
Rc8 0-1

[Event "Challenge"]
[Site "http://www.queenalice.com/game.php?id=1586608"]
[Date "2019.10.12"]
[Round "-"]
[White "josebaron"]
[Black "alshelmany"]
[Result "0-1"]
[WhiteElo "1982"]
[BlackElo "1369"]

1. e4 e5 2. Bc4 Nf6 3. Nc3 Nxe4 4. Bxf7+ Kxf7 5. Nxe4 d5 6. Qh5+ g6 7. Qxe5 Bh6
8. Nf6 Qxf6 9. Qxc7+ Qe7+ 10. Qxe7+ Kxe7 11. Nf3 Nc6 12. O-O Bg4 13. c3 Bxf3 14.
gxf3 Rhf8 15. Kg2 d4 16. d3 Bxc1 17. Raxc1 Rf4 18. Rfe1+ Kd6 19. Re4 Raf8 20.
Rxf4 Rxf4 21. Kg3 g5 22. a3 Ne5 23. cxd4 Rxd4 24. Rc3 h5 25. h3 h4+ 26. Kg2 Nxd3
27. Rb3 b6 28. Rb5 Rd5 29. Rb3 Nf4+ 30. Kh2 Rd2 31. Rb5 Rxf2+ 32. Kh1 Nxh3 33.
a4 Rxf3 34. a5 g4 35. Rh5 Rf1+ 36. Kh2 Rf2+ 37. Kh1 g3 38. Rh6+ Kc7 39. axb6+
axb6 40. Rg6 Rh2# 0-1

[Event "Let's Play Chess!"]
[Site "http://www.queenalice.com/game.php?id=1586759"]
[Date "2019.10.14"]
[Round "-"]
[White "alshelmany"]
[Black "george941"]
[Result "1-0"]
[WhiteElo "1484"]
[BlackElo "1679"]

1. Nf3 Nf6 2. c4 g6 3. Nc3 Bg7 4. e4 O-O 5. d4 d6 6. Be2 Bg4 7. Be3 Nbd7 8. O-O
Re8 9. h3 Bxf3 10. Bxf3 e5 11. d5 c6 12. dxc6 bxc6 13. Qxd6 Re6 14. Qd2 Qc7 15.
Rad1 Nc5 16. Bxc5 a6 17. Na4 Ree8 18. Bd6 Qb7 19. Qa5 Bf8 20. Bxe5 Nd7 21. Bc3
Bg7 22. Bxg7 Kxg7 23. Rd6 Rad8 24. Rfd1 Qc8 25. Qd2 Ne5 26. Rxd8 Nxf3+ 27. gxf3
Rxd8 28. Qxd8 Qxd8 29. Rxd8 1-0

[Event "Let's Play Chess!"]
[Site "http://www.queenalice.com/game.php?id=1586760"]
[Date "2019.10.14"]
[Round "-"]
[White "PatricioKM"]
[Black "alshelmany"]
[Result "0-1"]
[WhiteElo "1732"]
[BlackElo "1399"]

1. e4 c5 2. Nf3 d6 3. Bc4 Nf6 4. Ng5 e6 5. Nc3 a6 6. d3 h6 7. Nf3 b5 8. Bb3 Be7
9. a3 Nc6 10. O-O O-O 11. d4 Na5 12. Ba2 b4 13. axb4 cxb4 14. Ne2 Nxe4 15. Qd3
Nf6 16. Bd2 d5 17. c3 b3 18. Bb1 Nc4 19. Ne5 Nxd2 20. Qxd2 a5 21. Qd3 Ba6 22.
Qe3 Bd6 23. Bd3 Bxd3 24. Qxd3 a4 25. Nf4 Qc7 26. Qf3 Ne4 27. Qg4 Bxe5 28. dxe5
a3 29. bxa3 Qxe5 30. Rfb1 Qxc3 31. Nh5 b2 32. Ra2 Qc1+ 33. Qd1 Qxd1+ 34. Rxd1
Rfb8 35. Rb1 Nc3 36. Rbxb2 Nxa2 0-1

[Event "Let's Play Chess!"]
[Site "http://www.queenalice.com/game.php?id=1588348"]
[Date "2019.10.30"]
[Round "-"]
[White "alshelmany"]
[Black "beginat63"]
[Result "1-0"]
[WhiteElo "1532"]
[BlackElo "1649"]

1. Nf3 Nf6 2. c4 c5 3. d4 cxd4 4. Nxd4 e5 5. Nb5 Be7 6. Nd6+ Bxd6 7. Qxd6 Qe7 8.
Qxe7+ Kxe7 9. b3 Re8 10. Ba3+ d6 11. Nc3 Rd8 12. c5 dxc5 13. Bxc5+ Ke8 14. Nb5
Nd5 15. e4 Nf4 16. Nc7+ 1-0

[Event "Let's Play Chess!"]
[Site "http://www.queenalice.com/game.php?id=1588349"]
[Date "2019.10.30"]
[Round "-"]
[White "alterego"]
[Black "alshelmany"]
[Result "0-1"]
[WhiteElo "1753"]
[BlackElo "1428"]

1. e4 e6 2. Nf3 d5 3. exd5 exd5 4. h3 Bd6 5. Nc3 Nf6 6. Bb5+ c6 7. Ba4 O-O 8.
O-O Bf5 9. d3 Re8 10. Bg5 Nbd7 11. Nd4 Bg6 12. Qd2 Qc7 13. Nce2 a5 14. c3 h6 15.
Bf4 Ne5 16. Bh2 Nxd3 17. Bc2 Bxh2+ 18. Kh1 Ne4 19. Qxd3 Nxf2+ 20. Rxf2 Bxd3 21.
Bxd3 Be5 22. Nb3 a4 23. Nc5 Qb6 24. b4 axb3 25. Nxb3 Qxf2 26. Ng1 Rxa2 27. Rf1
Qxg2# 0-1

[Event "Challenge"]
[Site "http://www.queenalice.com/game.php?id=1589137"]
[Date "2019.11.5"]
[Round "-"]
[White "alshelmany"]
[Black "alterego"]
[Result "1-0"]
[WhiteElo "1508"]
[BlackElo "1715"]

1. d4 d5 2. c4 Nf6 3. cxd5 Nxd5 4. e4 Nf6 5. Nc3 g6 6. Bc4 e6 7. Nf3 Bg7 8. O-O
O-O 9. e5 Nd5 10. Bg5 f6 11. exf6 Nxf6 12. d5 Qe7 13. dxe6 Bxe6 14. Re1 Rd8 15.
Rxe6 Rxd1+ 16. Rxd1 Qb4 17. Re8# 1-0

[Event "Let's Play Chess!"]
[Site "http://www.queenalice.com/game.php?id=1589624"]
[Date "2019.11.10"]
[Round "-"]
[White "alshelmany"]
[Black "beginat63"]
[Result "0-1"]
[WhiteElo "1553"]
[BlackElo "1619"]

1. d4 d5 2. c4 e5 3. dxe5 d4 4. Nf3 c5 5. e3 Bg4 6. exd4 cxd4 7. Qxd4 Qxd4 8.
Nxd4 Nc6 9. Nxc6 bxc6 10. Nc3 Bb4 11. Bd2 O-O-O 12. h3 Be6 13. Be2 f6 14. a3 Bc5
15. Ne4 Bd4 0-1

[Event "AUTO-BEG-665"]
[Site "http://www.queenalice.com/game.php?id=1589626"]
[Date "2019.11.10"]
[Round "2"]
[White "alshelmany"]
[Black "schuch97"]
[Result "0-1"]
[WhiteElo "1540"]
[BlackElo "1777"]

1. Nf3 f5 2. d4 d5 3. c4 dxc4 4. e3 e6 5. Bxc4 Nf6 6. Qb3 Qd6 7. Nc3 c6 8. a4 h6
9. O-O Be7 10. Re1 O-O 11. e4 fxe4 12. Nxe4 Nxe4 13. Rxe4 Rf6 14. Bd2 Kh8 15.
Rae1 Rxf3 16. Qxf3 c5 17. Bc3 cxd4 18. Bxd4 Nc6 0-1

[Event "AUTO-BEG-665"]
[Site "http://www.queenalice.com/game.php?id=1589627"]
[Date "2019.11.10"]
[Round "2"]
[White "schuch97"]
[Black "alshelmany"]
[Result "1-0"]
[WhiteElo "1784"]
[BlackElo "1533"]

1. e4 e6 2. d4 d5 3. e5 c5 4. c3 Nc6 5. Nf3 Qb6 6. Be3 Qxb2 7. Nbd2 Qxc3 8. Rc1
Qa3 9. dxc5 Nge7 10. Bb5 Nf5 11. Bf4 Bd7 12. Bxc6 Bxc6 13. Rc2 Qa4 14. Be3 d4
15. Rc4 Qxd1+ 16. Kxd1 dxe3 17. fxe3 Nxe3+ 18. Kc1 Nxc4 19. Nxc4 1-0